000 00288nam a2200121Ia 4500
008 191201s2013 xx 000 0 und d
100 _aLINSLEY ,Ray K
245 0 _aWater Resources Engineering
260 _aN. Delhi
_bTMH
_c2013
300 _a841
650 _aB.Tech(CE)
942 _2ddc
_cBK
999 _c6278
_d6278